AUDITORIA : (Registro nro. 3301)
[ vista simple ]
| 000 -LEADER | |
|---|---|
| fixed length control field | 00555nam a2200205 a 4500 |
| 001 - CONTROL NUMBER | |
| control field | 3301 |
| 005 - DATE AND TIME OF LATEST TRANSACTION | |
| control field | 20180713183235.0 |
| 008 - FIXED-LENGTH DATA ELEMENTS--GENERAL INFORMATION | |
| fixed length control field | 140415s1987 mx 000 0 spa d |
| 041 ## - LANGUAGE CODE | |
| Language code of text/sound track or separate title | spa |
| 082 ## - DEWEY DECIMAL CLASSIFICATION NUMBER | |
| Classification number | 657.45 |
| Item number | HOL |
| 100 1# - MAIN ENTRY--PERSONAL NAME | |
| Personal name | HOLMES, ARTHUR W. |
| 245 10 - TITLE STATEMENT | |
| Title | AUDITORIA : |
| Remainder of title | PRINCIPIOS Y PROCEDIMIENTOS |
| 250 ## - EDITION STATEMENT | |
| Edition statement | 2a ed. |
| 260 ## - PUBLICATION, DISTRIBUTION, ETC. | |
| Place of publication, distribution, etc. | MEXICO : |
| Name of publisher, distributor, etc. | UTEHA, |
| Date of publication, distribution, etc. | 1987 |
| 300 ## - PHYSICAL DESCRIPTION | |
| Extent | 2 |
| 490 ## - SERIES STATEMENT | |
| Series statement | BIBLIOTECA UTEHA DE CONTABILIDAD SUPERIOR |
| Volume/sequential designation | 9,10 |
| 650 14 - SUBJECT ADDED ENTRY--TOPICAL TERM | |
| Topical term or geographic name entry element | AUDITORIA |
| 740 ## - ADDED ENTRY--UNCONTROLLED RELATED/ANALYTICAL TITLE | |
| Uncontrolled related/analytical title | AUDITING |
| 700 1# - ADDED ENTRY--PERSONAL NAME | |
| Personal name | CONTRO MALO, FRANCISCO |
| Relator term | coaut. |
| Withdrawn status | Lost status | Source of classification or shelving scheme | Damaged status | Not for loan | Collection code | Home library | Current library | Shelving location | Date acquired | Source of acquisition | Inventory number | Total Checkouts | Full call number | Barcode | Date last seen | Date last checked out | Price effective from | Koha item type |
|---|---|---|---|---|---|---|---|---|---|---|---|---|---|---|---|---|---|---|
| Dewey Decimal Classification | General | Biblioteca Karol Wojtyla | Biblioteca Karol Wojtyla | Sala general | 03/12/2013 | Compra | 151000000000000000021059 | 657.45 HOL | 14295 | 05/01/2026 | 09/06/2016 | 03/12/2013 | Libro | |||||
| Dewey Decimal Classification | General | Biblioteca Karol Wojtyla | Biblioteca Karol Wojtyla | Sala general | 03/12/2013 | Compra | 151000000000000000021060 | 657.45 HOL | 15537 | 05/01/2026 | 22/08/2015 | 03/12/2013 | Libro | |||||
| Dewey Decimal Classification | General | Biblioteca Karol Wojtyla | Biblioteca Karol Wojtyla | Sala general | 03/12/2013 | Compra | 151000000000000000021058 | 657.45 HOL | 15536 | 05/01/2026 | 03/12/2013 | Libro | ||||||
| Dewey Decimal Classification | General | Biblioteca Karol Wojtyla | Biblioteca Karol Wojtyla | Sala general | 03/12/2013 | Compra | 151000000000000000021061 | 657.45 HOL | 14296 | 05/01/2026 | 22/08/2015 | 03/12/2013 | Libro | |||||
| Dewey Decimal Classification | General | Biblioteca Karol Wojtyla | Biblioteca Karol Wojtyla | Sala general | 03/12/2013 | Compra | 151000000000000000024658 | 657.45 HOL | 14771 | 05/01/2026 | 03/12/2013 | Libro | ||||||
| Dewey Decimal Classification | General | Biblioteca Karol Wojtyla | Biblioteca Karol Wojtyla | Sala general | 03/12/2013 | Compra | 151000000000000000024659 | 657.45 HOL | 14770 | 05/01/2026 | 23/11/2016 | 23/11/2016 | Libro |